Random movie quotes - Statistics

General Stats
  • This quiz has been taken 29 times
  • The average score is 8 of 15
Answer Stats
Answer % Correct
Wakanda Forever! Black Panther
77%
Kill her mommy! Kill her! Don't let her get away! Don't let her live! I won't, Jason. I won't. Friday the 13th
77%
GET TO THE CHOPPAAAA!! Predator
73%
Adrian, I did it!! Rocky
73%
Excuse me. You ever danced with the devil in the pale moonlight? Batman
69%
Lieutenant Dan, I got you some ice cream. Lieutenant Dan, ICE CREAM! Forrest Gump
65%
Its not a man. Its a machine! The Terminator
65%
Do you hear that, Mr. Anderson? That is the sound of inevitability. It is the sound of your death. Good bye...Mr. Anderson. The Matrix
58%
Your scientists were so preoccupied with whether they could, they didn't stop to think if they should. Jurassic Park
46%
You'll have to pay for that, ya know! That's White Star Line property! Titanic
46%
Son, we live in a world that has walls...and those walls need to be guarded by men with guns! A Few Good Men
38%
Get busy livin' or get busy dyin'. Thats god damn right. The Shawshank Redemption
35%
MARTHA...WHY DID YOU SAY THAT NAME!!! Batman v Superman: Dawn of Justice
31%
We will not go quietly into the night! We will not vanish without a fight! We're going to live on! We're going to survive! Independence Day
23%
I knew a man who once said "Death smiles at us all. All a man can do is smile back." Gladiator
19%
No matching quizzes found
Score Distribution
Percent of People with Each Score
Percentile by Number Answered
Your Score History
You have not taken this quiz